[Event "POL-ch sf (Women)"]
[Site "Karpacz"]
[Date "2023.12.09"]
[Round "6"]
[White "Stochnialek, Dominika"]
[Black "Ejsymont, Blanka"]
[Result "1-0"]
[WhiteElo "1814"]
[BlackElo "1634"]
[PlyCount "105"]
[EventDate "2023.12.04"]
[EventType "swiss"]
[EventRounds "9"]
[EventCountry "POL"]
[SourceTitle "CB50_2023"]
[SourceDate "2023.12.13"]
[SourceVersion "1"]
[SourceVersionDate "2023.12.13"]
[SourceQuality "1"]

1. e4 e5 2. Nf3 Nc6 3. Bb5 a6 4. Ba4 Nge7 5. c3 g6 6. d4 b5 7. Bb3 Bg7 8. 0-0 d6 9. dxe5 dxe5 10. Qe2 Bd7 11. Rd1 Qc8 12. a4 Na5 13. Bc2 c5 14. axb5 axb5 15. Bg5 f6 16. Be3 c4 17. Qd2 Be6 18. Na3 Rb8 19. Nxb5 Rxb5 20. Ba4 Qb7 21. Bxb5+ Qxb5 22. Qd8+ Kf7 23. Qxa5 Qc6 24. Bc5 Re8 25. Nd2 Bh6 26. f3 Qb7 27. Qb4 Qc6 28. Nxc4 Bxc4 29. Qxc4+ Kg7 30. Qb4 Nc8 31. Rd5 f5 32. Rad1 fxe4 33. fxe4 Qf6 34. Qb7+ Kg8 35. Rf1 Qe6 36. Rd7 Qc4 37. Qd5+ Qxd5 38. Rxd5 Bg7 39. Rd7 Bh8 40. b4 h5 41. b5 g5 42. Rf5 Ne7 43. Bxe7 Bg7 44. Rd8 Rxd8 45. Bxd8 g4 46. b6 g3 47. b7 h4 48. b8Q gxh2+ 49. Kxh2 h3 50. Bf6+ Kh7 51. Bxg7 hxg2 52. Qh8+ Kg6 53. Qh6# 1-0

[Event "POL-ch sf (Women)"]
[Site "Karpacz"]
[Date "2023.12.08"]
[Round "5"]
[White "Stochnialek, Dominika"]
[Black "Dmochowska, Agnieszka"]
[Result "1-0"]
[WhiteElo "1814"]
[BlackElo "2039"]
[PlyCount "65"]
[EventDate "2023.12.04"]
[EventType "swiss"]
[EventRounds "9"]
[EventCountry "POL"]
[SourceTitle "CB50_2023"]
[SourceDate "2023.12.13"]
[SourceVersion "1"]
[SourceVersionDate "2023.12.13"]
[SourceQuality "1"]

1. e4 c5 2. Nf3 Nc6 3. Bb5 g6 4. 0-0 Bg7 5. Re1 e5 6. Bxc6 dxc6 7. d3 Qe7 8. Be3 Nh6 9. h3 0-0 10. Qd2 f5 11. Bxh6 f4 12. Bxg7 Kxg7 13. Qc3 Kf6 14. Nbd2 Re8 15. Nc4 Qc7 16. a4 a5 17. Rad1 g5 18. Qd2 h5 19. c3 b5 20. Ncxe5 Rxe5 21. Nxe5 Qxe5 22. d4 cxd4 23. cxd4 Qe8 24. axb5 cxb5 25. e5+ Kg7 26. d5 Ra6 27. e6 Rd6 28. Qd4+ Kg6 29. Qe4+ Kh6 30. Qe5 Rd8 31. Qf6+ Kh7 32. d6 Bb7 33. d7 1-0

[Event "POL-ch sf (Women)"]
[Site "Karpacz"]
[Date "2023.12.07"]
[Round "4"]
[White "Matskevich, Varvara"]
[Black "Stochnialek, Dominika"]
[Result "1-0"]
[WhiteElo "1864"]
[BlackElo "1814"]
[PlyCount "117"]
[EventDate "2023.12.04"]
[EventType "swiss"]
[EventRounds "9"]
[EventCountry "POL"]
[SourceTitle "CB50_2023"]
[SourceDate "2023.12.13"]
[SourceVersion "1"]
[SourceVersionDate "2023.12.13"]
[SourceQuality "1"]

1. e4 e6 2. d4 d5 3. Nc3 Nf6 4. e5 Nfd7 5. Nce2 c5 6. c3 Nc6 7. Nf3 Be7 8. h4 f6 9. Nf4 Nf8 10. exf6 gxf6 11. Bb5 Qb6 12. Qe2 c4 13. Ba4 Bd7 14. 0-0 0-0-0 15. Nxd5 exd5 16. Bxc6 Qxc6 17. Qxe7 Bg4 18. Nh2 Rg8 19. Bg5 Bh3 20. gxh3 fxg5 21. Ng4 gxh4 22. Kh1 Ng6 23. Qg5 Qd7 24. f4 Rdf8 25. f5 Ne7 26. Qxh4 Nxf5 27. Qe1 Qd6 28. Rg1 Re8 29. Qf2 Rgf8 30. Rae1 Rxe1 31. Qxe1 Qf4 32. Qe6+ Kb8 33. Qe5+ Nd6 34. Qxd5 Kc7 35. Qc5+ Kb8 36. Qe5 Qf3+ 37. Kh2 Rd8 38. Rg3 Qf1 39. Qf6 Qe2+ 40. Rg2 Qe8 41. Ne5 Kc8 42. Qh6 Qf8 43. Qe6+ Kc7 44. Qg4 Qf1 45. Qh4 Nf5 46. Rf2 Nxh4 47. Rxf1 b5 48. Rf7+ Kb6 49. Rf4 Ng6 50. Rf6+ Kc7 51. Nxg6 hxg6 52. Rxg6 Re8 53. h4 a5 54. h5 b4 55. h6 Re2+ 56. Kh3 bxc3 57. bxc3 Re3+ 58. Kg4 Re1 59. Kg5 1-0

[Event "POL-ch sf (Women)"]
[Site "Karpacz"]
[Date "2023.12.04"]
[Round "1"]
[White "Siekanska, Maria"]
[Black "Stochnialek, Dominika"]
[Result "1-0"]
[WhiteElo "2126"]
[BlackElo "1814"]
[PlyCount "107"]
[EventDate "2023.12.04"]
[EventType "swiss"]
[EventRounds "9"]
[EventCountry "POL"]
[SourceTitle "CB50_2023"]
[SourceDate "2023.12.13"]
[SourceVersion "1"]
[SourceVersionDate "2023.12.13"]
[SourceQuality "1"]

1. d4 Nf6 2. c4 e6 3. Nc3 Bb4 4. e3 0-0 5. Bd3 d5 6. a3 Bxc3+ 7. bxc3 dxc4 8. Bxc4 c5 9. Ne2 Qc7 10. Bd3 e5 11. dxe5 Qxe5 12. Qc2 Nc6 13. 0-0 Re8 14. Bb2 Qe7 15. c4 Ne5 16. Nf4 Nxd3 17. Qxd3 Be6 18. e4 Rad8 19. Qc2 Bd7 20. f3 b5 21. e5 Bc6 22. Rfe1 Nd7 23. Nd5 Bxd5 24. cxd5 Qg5 25. Qe4 Nb6 26. f4 Qg4 27. Rad1 Nc4 28. h3 Qg3 29. Rd3 Qh4 30. Bc3 Nxa3 31. Re2 Nc4 32. g3 Qe7 33. f5 f6 34. d6 Nxd6 35. Rxd6 Qxd6 36. exd6 Rxe4 37. Rxe4 Rxd6 38. Re8+ Kf7 39. Rc8 Rd5 40. Rc7+ Kf8 41. Rxc5 Rxc5 42. Bb4 a5 43. Bxc5+ Ke8 44. Kf2 Kd7 45. Ke3 b4 46. Kd4 b3 47. Ba3 Kc6 48. Kc4 a4 49. g4 Kb6 50. Kb4 Kc6 51. Kxa4 Kd5 52. Kxb3 Ke5 53. Bf8 g6 54. Bg7 1-0

[Event "Split op 12th"]
[Site "Split"]
[Date "2023.08.05"]
[Round "1"]
[White "Ivanov, Mike"]
[Black "Stochnialek, Dominika"]
[Result "1-0"]
[WhiteElo "2349"]
[BlackElo "1782"]
[PlyCount "51"]
[EventDate "2023.08.05"]
[EventType "swiss"]
[EventRounds "9"]
[EventCountry "CRO"]
[SourceTitle "CBM 215 Extra"]
[Source "ChessBase"]
[SourceDate "2023.09.30"]
[SourceVersion "1"]
[SourceVersionDate "2023.09.30"]
[SourceQuality "1"]

1. e4 e6 2. d4 d5 3. e5 c5 4. c3 Nc6 5. Nf3 Bd7 6. Bd3 cxd4 7. cxd4 Qb6 8. 0-0 Nxd4 9. Nbd2 Nc6 10. Nb3 Nge7 11. Be3 Qc7 12. Rc1 Ng6 13. Nc5 Ngxe5 14. Nxe5 Qxe5 15. Nxd7 Kxd7 16. Qa4 Qc7 17. b4 Bxb4 18. Rxc6 bxc6 19. Qxb4 Rhb8 20. Qd4 f6 21. Rc1 h5 22. Bc2 Qa5 23. Qd3 Qb4 24. Qg6 Qe7 25. Ba4 Rc8 26. Bc5 1-0

[Event "POL-chT 2nd League"]
[Site "Sypniewo"]
[Date "2021.09.10"]
[Round "7.14"]
[White "Stochnialek, Dominika"]
[Black "Polak, Sylwia"]
[Result "1-0"]
[WhiteElo "1706"]
[BlackElo "1481"]
[PlyCount "27"]
[EventDate "2021.09.04"]
[EventType "team-swiss"]
[EventRounds "9"]
[EventCountry "POL"]
[SourceTitle "CBM 204 Extra"]
[Source "ChessBase"]
[SourceDate "2021.11.30"]
[SourceVersion "1"]
[SourceVersionDate "2021.11.30"]
[SourceQuality "1"]
[WhiteTeam "Srem LKS Piast"]
[BlackTeam "Rzeszow RzKSz"]
[WhiteTeamCountry "POL"]
[BlackTeamCountry "POL"]

1. e4 c5 2. Nf3 e6 3. c3 d5 4. exd5 Qxd5 5. d4 Nf6 6. Bd3 cxd4 7. cxd4 Nc6 8. Nc3 Qa5 9. 0-0 Be7 10. a3 Nb4 11. axb4 Qxa1 12. Qb3 e5 13. Be3 Be6 14. Qc2 1-0

[Event "POL-chT 2nd League"]
[Site "Sypniewo"]
[Date "2021.09.09"]
[Round "6.12"]
[White "Andrzejewska, Anna"]
[Black "Stochnialek, Dominika"]
[Result "1-0"]
[WhiteElo "1933"]
[BlackElo "1706"]
[PlyCount "86"]
[EventDate "2021.09.04"]
[EventType "team-swiss"]
[EventRounds "9"]
[EventCountry "POL"]
[SourceTitle "CBM 204 Extra"]
[Source "ChessBase"]
[SourceDate "2021.11.30"]
[SourceVersion "1"]
[SourceVersionDate "2021.11.30"]
[SourceQuality "1"]
[WhiteTeam "Zielonka Zieloni"]
[BlackTeam "Srem LKS Piast"]
[WhiteTeamCountry "POL"]
[BlackTeamCountry "POL"]

1. e4 c5 2. Nf3 e6 3. d4 cxd4 4. Nxd4 Nf6 5. Nc3 Nc6 6. Ndb5 Bb4 7. a3 Bxc3+ 8. Nxc3 0-0 9. Qd6 Ne8 10. Qg3 d5 11. exd5 exd5 12. Bd3 Qe7+ 13. Ne2 Nd4 14. Qe3 Qxe3 15. Bxe3 Nf5 16. Bxf5 Bxf5 17. Bc5 Bxc2 18. Bxf8 Kxf8 19. 0-0 Bd3 20. Rfe1 Bxe2 21. Rxe2 Rd8 22. Rd1 Nc7 23. f4 g6 24. Kf2 Ne6 25. Kf3 Kg7 26. g4 Kf6 27. h4 d4 28. Re5 d3 29. g5+ Kg7 30. Ke3 Kf8 31. Rxd3 Rxd3+ 32. Kxd3 Nxf4+ 33. Kc4 Ne6 34. Kd5 Ke7 35. Re3 Kd7 36. Rf3 Ke7 37. Rb3 Nd8 38. Rc3 Kd7 39. Ke5 a6 40. Kf6 Ke8 41. Rc7 Kf8 42. Rc8 Ke8 43. Rxd8+ Kxd8 1-0

[Event "POL-chT 2nd League"]
[Site "Sypniewo"]
[Date "2021.09.04"]
[Round "1.16"]
[White "Stochnialek, Dominika"]
[Black "Cyboran, Katarzyna"]
[Result "1/2-1/2"]
[WhiteElo "1706"]
[BlackElo "1773"]
[PlyCount "84"]
[EventDate "2021.09.04"]
[EventType "team-swiss"]
[EventRounds "9"]
[EventCountry "POL"]
[SourceTitle "CBM 204 Extra"]
[Source "ChessBase"]
[SourceDate "2021.11.30"]
[SourceVersion "1"]
[SourceVersionDate "2021.11.30"]
[SourceQuality "1"]
[WhiteTeam "Srem LKS Piast"]
[BlackTeam "Chroscice Victoria"]
[WhiteTeamCountry "POL"]
[BlackTeamCountry "POL"]

1. e4 c5 2. Nf3 e6 3. c3 d5 4. exd5 Qxd5 5. d4 Nc6 6. Be2 Nf6 7. 0-0 Be7 8. c4 Qd8 9. dxc5 0-0 10. Nc3 Bxc5 11. Bf4 Qe7 12. a3 Rd8 13. Qc2 e5 14. Bg5 Be6 15. Rad1 h6 16. Bxf6 gxf6 17. b4 Bd4 18. Nb5 Bb6 19. c5 Bc7 20. Nxc7 Qxc7 21. Qc3 a5 22. Bd3 axb4 23. axb4 Bd5 24. Bb1 Be6 25. h3 Ne7 26. b5 Rdc8 27. Rc1 Ra5 28. Bd3 Nd5 29. Qb2 Rca8 30. Bb1 Qd7 31. c6 bxc6 32. bxc6 Qc7 33. Qd2 Nf4 34. Kh1 Bd5 35. Qc2 e4 36. Nh4 Nd3 37. Rcd1 Qxc6 38. Qxc6 Bxc6 39. Bxd3 exd3 40. Rxd3 Rh5 41. Rg3+ Rg5 42. Kh2 Kh7 1/2-1/2

[Event "POL-ch U20 (Women)"]
[Site "Ustron"]
[Date "2019.11.26"]
[Round "5"]
[White "Pawicka, Magdalena"]
[Black "Stochnialek, Dominika"]
[Result "1/2-1/2"]
[WhiteElo "1745"]
[BlackElo "1768"]
[PlyCount "60"]
[EventDate "2019.11.23"]
[EventType "swiss"]
[EventRounds "9"]
[EventCountry "POL"]
[SourceTitle "CBM 193 Extra"]
[Source "ChessBase"]
[SourceDate "2020.01.31"]
[SourceVersion "1"]
[SourceVersionDate "2020.01.31"]
[SourceQuality "1"]

1. e4 c5 2. Nf3 d6 3. d4 cxd4 4. Nxd4 Nf6 5. Nc3 g6 6. Be3 Bg7 7. f3 Nc6 8. Qd2 0-0 9. 0-0-0 d5 10. Qe1 e5 11. Nxc6 bxc6 12. exd5 Nxd5 13. Bc4 Be6 14. Ne4 Qc7 15. Bc5 Rfd8 16. Kb1 Nf4 17. Bxe6 Rxd1+ 18. Qxd1 Nxe6 19. Qd6 Qxd6 20. Bxd6 Rd8 21. Be7 Rd7 22. Nf6+ Bxf6 23. Bxf6 Rd2 24. Rg1 Re2 25. c4 e4 26. fxe4 Rxe4 27. Rc1 Re2 28. Rc2 Re1+ 29. Rc1 Re2 30. Rc2 Re1+ 1/2-1/2

[Event "POL-ch U20 (Women)"]
[Site "Ustron"]
[Date "2019.11.25"]
[Round "3"]
[White "Stochnialek, Dominika"]
[Black "Cieslak, Wiktoria"]
[Result "0-1"]
[WhiteElo "1768"]
[BlackElo "2039"]
[PlyCount "88"]
[EventDate "2019.11.23"]
[EventType "swiss"]
[EventRounds "9"]
[EventCountry "POL"]
[SourceTitle "CBM 193 Extra"]
[Source "ChessBase"]
[SourceDate "2020.01.31"]
[SourceVersion "1"]
[SourceVersionDate "2020.01.31"]
[SourceQuality "1"]

1. e4 c5 2. Nf3 d6 3. Bb5+ Bd7 4. Bxd7+ Qxd7 5. c4 Nc6 6. Nc3 Nf6 7. 0-0 e6 8. d4 cxd4 9. Nxd4 Be7 10. f3 0-0 11. Be3 Rac8 12. b3 Rfd8 13. Rc1 b6 14. Qe2 Qb7 15. Rfd1 a6 16. g3 Rc7 17. Kg2 Rdc8 18. Nxc6 Rxc6 19. a4 h6 20. Qb2 Ne8 21. Rd3 Nc7 22. Na2 d5 23. exd5 exd5 24. Rcd1 dxc4 25. bxc4 Ne6 26. Rd7 R8c7 27. Rxc7 Qxc7 28. Rc1 Qd6 29. Nc3 Bf6 30. Qe2 Bxc3 31. Rxc3 Qb4 32. Qc2 Nc5 33. Bxc5 Rxc5 34. h4 b5 35. axb5 axb5 36. Qb3 Qa5 37. Rc2 Qc7 38. Qd3 bxc4 39. Qe4 c3 40. Kf2 Re5 41. Qa8+ Kh7 42. Qa1 Qc5+ 43. Kg2 Re3 44. Qb1 Qf5 0-1

[Event "POL-ch U20 (Women)"]
[Site "Ustron"]
[Date "2019.11.23"]
[Round "1"]
[White "Stochnialek, Dominika"]
[Black "Dylag, Emilia"]
[Result "1/2-1/2"]
[WhiteElo "1768"]
[BlackElo "2046"]
[PlyCount "107"]
[EventDate "2019.11.23"]
[EventType "swiss"]
[EventRounds "9"]
[EventCountry "POL"]
[SourceTitle "CBM 193 Extra"]
[Source "ChessBase"]
[SourceDate "2020.01.31"]
[SourceVersion "1"]
[SourceVersionDate "2020.01.31"]
[SourceQuality "1"]

1. e4 c5 2. Nf3 d6 3. Bb5+ Nd7 4. c3 Ngf6 5. Qe2 a6 6. Ba4 b5 7. Bc2 Bb7 8. d4 e6 9. 0-0 Be7 10. Re1 Qc7 11. a4 bxa4 12. Rxa4 Nb6 13. Ra1 cxd4 14. cxd4 0-0 15. Bd3 a5 16. Nc3 Rfc8 17. Nb5 Qd7 18. Bd2 a4 19. Nc3 Bc6 20. Ra2 Qb7 21. h3 d5 22. e5 Nfd7 23. Rea1 Rcb8 24. Bb5 Bxb5 25. Qxb5 Qc7 26. Qf1 Qc6 27. Qd1 a3 28. bxa3 Nc4 29. a4 Nxd2 30. Qxd2 Bb4 31. Rc2 Rc8 32. Rac1 Qa6 33. Qe3 Nb6 34. Ne2 Rxc2 35. Rxc2 Nc4 36. Qb3 Qxa4 37. Qxa4 Rxa4 38. Ng3 f6 39. Re2 Kf7 40. exf6 gxf6 41. Rc2 Ba5 42. Ne2 Ra1+ 43. Kh2 Ra3 44. Nh4 Rd3 45. f4 Rd1 46. Nf3 Bb6 47. Rc1 Rd3 48. Rc3 Rxc3 49. Nxc3 Ba5 50. Ne2 Bc7 51. Kg3 Kg6 52. Nh4+ Kh5 53. Nf3 Kg6 54. Nh4+ 1/2-1/2

[Event "Poznan op 26th"]
[Site "Poznan"]
[Date "2018.08.26"]
[Round "9"]
[White "Stochnialek, Dominika"]
[Black "Szafranski, Maciej"]
[Result "0-1"]
[WhiteElo "1725"]
[BlackElo "1425"]
[PlyCount "66"]
[EventDate "2018.08.19"]
[EventType "swiss"]
[EventRounds "9"]
[EventCountry "POR"]
[SourceTitle "CBM 186 Extra"]
[Source "ChessBase"]
[SourceDate "2018.08.24"]
[SourceVersion "1"]
[SourceVersionDate "2018.08.24"]
[SourceQuality "1"]

1. e4 c5 2. Nf3 d6 3. d4 cxd4 4. Nxd4 Nf6 5. Nc3 a6 6. Be2 e5 7. Nf3 Be6 8. a4 Be7 9. 0-0 Nbd7 10. b3 0-0 11. Bb2 Qc7 12. Nd2 Rfd8 13. Nc4 Nb6 14. Ne3 Rac8 15. Rc1 d5 16. a5 Na8 17. Ncxd5 Bxd5 18. exd5 Qxa5 19. c4 Qc7 20. Nf5 Bc5 21. Bd3 Nb6 22. Kh1 Nbd7 23. f3 Nh5 24. Qe1 g6 25. Ng3 Nf4 26. Bc2 Bf8 27. Bc3 Nxd5 28. Ba5 b6 29. cxd5 bxa5 30. Qd2 Ba3 31. d6 Qc6 32. Be4 Qxc1 33. Qxa5 Qc5 0-1

[Event "Poznan op 26th"]
[Site "Poznan"]
[Date "2018.08.25"]
[Round "8"]
[White "Wojdak, Jan"]
[Black "Stochnialek, Dominika"]
[Result "1-0"]
[WhiteElo "1818"]
[BlackElo "1725"]
[PlyCount "93"]
[EventDate "2018.08.19"]
[EventType "swiss"]
[EventRounds "9"]
[EventCountry "POR"]
[SourceTitle "CBM 186 Extra"]
[Source "ChessBase"]
[SourceDate "2018.08.24"]
[SourceVersion "1"]
[SourceVersionDate "2018.08.24"]
[SourceQuality "1"]

1. e4 e6 2. d4 d5 3. Nd2 h6 4. c3 c5 5. exd5 exd5 6. Ngf3 Nf6 7. Bb5+ Bd7 8. Bxd7+ Nbxd7 9. 0-0 Be7 10. dxc5 Nxc5 11. Nb3 0-0 12. Nfd4 Nxb3 13. Qxb3 Qc7 14. g3 a6 15. Bf4 Qd7 16. Rfe1 Bc5 17. Rad1 b5 18. Qc2 Rac8 19. Qf5 Bxd4 20. Qxd7 Bxf2+ 21. Kxf2 Nxd7 22. Rxd5 Nf6 23. Rd6 Ra8 24. Kf3 Rfc8 25. g4 Nh7 26. Rb6 Nf8 27. Rd1 Ne6 28. Rdd6 Nc5 29. b3 Ne6 30. Rbc6 Rxc6 31. Rxc6 Nxf4 32. Kxf4 Kf8 33. c4 bxc4 34. bxc4 Ra7 35. Ke5 Ke7 36. c5 Kd7 37. Rd6+ Ke7 38. Rb6 Rc7 39. Kd5 Rd7+ 40. Kc6 Rd2 41. Rxa6 Rxh2 42. Ra7+ Ke6 43. Kc7 h5 44. gxh5 Rxh5 45. c6 Rh2 46. Kb8 Kd6 47. c7 1-0

[Event "Poznan op 26th"]
[Site "Poznan"]
[Date "2018.08.23"]
[Round "6"]
[White "Wojdak, Karol"]
[Black "Stochnialek, Dominika"]
[Result "0-1"]
[WhiteElo "1408"]
[BlackElo "1725"]
[PlyCount "112"]
[EventDate "2018.08.19"]
[EventType "swiss"]
[EventRounds "9"]
[EventCountry "POR"]
[SourceTitle "CBM 186 Extra"]
[Source "ChessBase"]
[SourceDate "2018.08.24"]
[SourceVersion "1"]
[SourceVersionDate "2018.08.24"]
[SourceQuality "1"]

1. e4 e6 2. Nf3 d5 3. Nc3 d4 4. Ne2 c5 5. c3 dxc3 6. Nxc3 Nc6 7. Bb5 Bd7 8. 0-0 a6 9. Bxc6 Bxc6 10. Ne5 Qc7 11. Nxc6 Qxc6 12. d4 cxd4 13. Qxd4 Rd8 14. Qe5 Nf6 15. Bg5 Be7 16. Bxf6 Bxf6 17. Qg3 Bxc3 18. bxc3 0-0 19. Qe3 b5 20. Rfd1 h6 21. f3 Rxd1+ 22. Rxd1 Qc4 23. Rd2 Rc8 24. Rc2 b4 25. Kf2 bxc3 26. Qe2 Qc5+ 27. Qe3 Qb4 28. Ke2 a5 29. Qd3 a4 30. Qd7 Qc4+ 31. Qd3 Qc5 32. Qd7 a3 33. Qd3 Qg1 34. Rxc3 Qxg2+ 35. Kd1 Rxc3 36. Qxc3 Qxa2 37. Kc1 Qxh2 38. Qxa3 h5 39. Qd3 Qg3 40. Qd8+ Kh7 41. Qd3 h4 42. e5+ g6 43. Qd8 Qf4+ 44. Kc2 h3 45. Qd3 h2 46. Qf1 Qg3 47. f4 Qh4 48. Qh1 Qxf4 49. Qg2 Qxe5 50. Kd3 Qh5 51. Qh1 Qh3+ 52. Ke2 Qg3 53. Qb7 Qg4+ 54. Ke3 Qg1+ 55. Kf4 Qf1+ 56. Kg4 h1Q 0-1

[Event "Poznan op 26th"]
[Site "Poznan"]
[Date "2018.08.19"]
[Round "2"]
[White "Kaluzny, Jan"]
[Black "Stochnialek, Dominika"]
[Result "1-0"]
[WhiteElo "1375"]
[BlackElo "1725"]
[PlyCount "79"]
[EventDate "2018.08.19"]
[EventType "swiss"]
[EventRounds "9"]
[EventCountry "POR"]
[SourceTitle "CBM 186 Extra"]
[Source "ChessBase"]
[SourceDate "2018.08.24"]
[SourceVersion "1"]
[SourceVersionDate "2018.08.24"]
[SourceQuality "1"]

1. e4 e6 2. Nf3 d5 3. exd5 exd5 4. d4 Bg4 5. Be2 Bd6 6. 0-0 Nc6 7. Nc3 Nge7 8. a3 Qd7 9. Be3 0-0-0 10. h3 Be6 11. b4 h6 12. Qd2 g5 13. Rfb1 g4 14. hxg4 Bxg4 15. b5 Nb8 16. b6 axb6 17. Nb5 Rdg8 18. Bf4 Bxf4 19. Qxf4 Nbc6 20. Re1 Be6 21. Ne5 Nxe5 22. Qxe5 Nc6 23. Qf4 Rg5 24. Bf3 Rhg8 25. c3 h5 26. a4 Bh3 27. g3 Rf5 28. Qe3 h4 29. Kh2 hxg3+ 30. fxg3 Rfg5 31. Qf4 Bg4 32. Bg2 Be6 33. Re3 Rf5 34. Qh6 Qd8 35. Kg1 Qf6 36. Qh2 Rh8 37. Bh3 Rfh5 38. g4 Qd8 39. gxh5 Qg5+ 40. Rg3 1-0

[Event "Poznan op 25th"]
[Site "Poznan"]
[Date "2017.08.25"]
[Round "7"]
[White "Kaluzny, Tomasz"]
[Black "Stochnialek, Dominika"]
[Result "1-0"]
[WhiteElo "1890"]
[BlackElo "1719"]
[PlyCount "95"]
[EventDate "2017.08.20"]
[EventType "swiss"]
[EventRounds "9"]
[EventCountry "POL"]
[SourceTitle "CBM 180 Extra"]
[Source "ChessBase"]
[SourceDate "2017.10.06"]
[SourceVersion "1"]
[SourceVersionDate "2017.10.06"]
[SourceQuality "1"]

1. c4 e5 2. Nc3 Nf6 3. g3 d5 4. cxd5 Nxd5 5. Bg2 Nb6 6. Nf3 Nc6 7. 0-0 Be7 8. a3 0-0 9. b4 a6 10. d3 Re8 11. Bb2 Bf8 12. Rc1 Bg4 13. Ne4 Nd4 14. Nc5 Bxc5 15. Rxc5 Qd6 16. Rc1 c6 17. Nxd4 exd4 18. Qd2 Na4 19. Rc4 Nxb2 20. Qxb2 Rad8 21. e4 f6 22. f4 Be6 23. Rc5 Qd7 24. Rfc1 Rc8 25. Bf3 Red8 26. Bd1 h6 27. Bb3 Bxb3 28. Qxb3+ Qf7 29. Qb2 Qe6 30. R5c4 Qd6 31. Re1 Rc7 32. e5 fxe5 33. fxe5 Qe6 34. Rxd4 Rxd4 35. Qxd4 Rd7 36. Qc3 Qd5 37. Re3 Kf8 38. Qd2 Ke7 39. Qe2 Qd4 40. Kg2 Ke6 41. Re4 Qxd3 42. Qg4+ Ke7 43. e6 Rc7 44. Qxg7+ Ke8 45. Qg8+ Ke7 46. Qf7+ Kd6 47. Qf4+ Kd5 48. Qe5# 1-0

[Event "Poznan op 25th"]
[Site "Poznan"]
[Date "2017.08.21"]
[Round "3"]
[White "Stachowiak, Slawomir"]
[Black "Stochnialek, Dominika"]
[Result "1-0"]
[WhiteElo "1915"]
[BlackElo "1719"]
[PlyCount "49"]
[EventDate "2017.08.20"]
[EventType "swiss"]
[EventRounds "9"]
[EventCountry "POL"]
[SourceTitle "CBM 180 Extra"]
[Source "ChessBase"]
[SourceDate "2017.10.06"]
[SourceVersion "1"]
[SourceVersionDate "2017.10.06"]
[SourceQuality "1"]

1. e4 e6 2. d4 d5 3. Nc3 Nf6 4. e5 Nfd7 5. Nf3 c5 6. Bb5 Nc6 7. Bxc6 bxc6 8. 0-0 cxd4 9. Qxd4 Qc7 10. Re1 g6 11. Qh4 h5 12. Bf4 Be7 13. Bg5 Bxg5 14. Qxg5 h4 15. b4 Rh5 16. Qe3 Rb8 17. Rab1 a6 18. Na4 a5 19. a3 Ba6 20. Nc5 Bc4 21. Nxd7 Qxd7 22. bxa5 Ra8 23. Qb6 Ra6 24. Qc5 Qe7 25. Rb8+ 1-0

[Event "Poznan op 25th"]
[Site "Poznan"]
[Date "2017.08.20"]
[Round "2"]
[White "Stochnialek, Dominika"]
[Black "Kabzinski, Jan"]
[Result "1-0"]
[WhiteElo "1719"]
[BlackElo "1433"]
[PlyCount "87"]
[EventDate "2017.08.20"]
[EventType "swiss"]
[EventRounds "9"]
[EventCountry "POL"]
[SourceTitle "CBM 180 Extra"]
[Source "ChessBase"]
[SourceDate "2017.10.06"]
[SourceVersion "1"]
[SourceVersionDate "2017.10.06"]
[SourceQuality "1"]

1. e4 c5 2. Nf3 Nc6 3. d4 cxd4 4. Nxd4 Nf6 5. Nxc6 bxc6 6. Nc3 d5 7. Bd3 e6 8. 0-0 Bd6 9. f4 e5 10. exd5 0-0 11. dxc6 Qb6+ 12. Kh1 Qxc6 13. Bb5 Qb6 14. Qf3 Bb7 15. Qf2 Qc7 16. Be2 Rfe8 17. Nb5 Qe7 18. Nxd6 Qxd6 19. fxe5 Qxe5 20. Bf3 Qf5 21. Be3 Bxf3 22. Qxf3 Qxc2 23. Bd4 Qe2 24. Bxf6 Qxf3 25. Rxf3 gxf6 26. Raf1 Re2 27. R3f2 Rxf2 28. Rxf2 Kg7 29. g3 Kg6 30. b4 f5 31. Kg2 Re8 32. Kf3 h5 33. Rc2 f6 34. Rc7 Re4 35. a3 h4 36. Rxa7 hxg3 37. hxg3 Kg5 38. b5 Rc4 39. b6 Rc3+ 40. Ke2 Rxg3 41. Rg7+ Kf4 42. Rxg3 Kxg3 43. b7 f4 44. b8Q 1-0

[Event "Poznan op 25th"]
[Site "Poznan"]
[Date "2017.08.20"]
[Round "1"]
[White "Zakrzewski, Marek"]
[Black "Stochnialek, Dominika"]
[Result "1-0"]
[WhiteElo "2237"]
[BlackElo "1719"]
[PlyCount "51"]
[EventDate "2017.08.20"]
[EventType "swiss"]
[EventRounds "9"]
[EventCountry "POL"]
[SourceTitle "CBM 180 Extra"]
[Source "ChessBase"]
[SourceDate "2017.10.06"]
[SourceVersion "1"]
[SourceVersionDate "2017.10.06"]
[SourceQuality "1"]

1. e4 e6 2. d4 d5 3. Nd2 h6 4. Bd3 c5 5. exd5 Qxd5 6. Ngf3 cxd4 7. 0-0 Nf6 8. Nb3 Nc6 9. Nbxd4 Nxd4 10. Nxd4 a6 11. c3 Bc5 12. Be3 0-0 13. a4 Rd8 14. Be2 e5 15. Nc2 Bxe3 16. Nxe3 Qxd1 17. Rfxd1 Be6 18. a5 Bb3 19. Rxd8+ Rxd8 20. Bc4 Bxc4 21. Nxc4 Rd5 22. Kf1 Nd7 23. Ke2 Kf8 24. b4 Ke7 25. Ne3 Rb5 26. c4 1-0

[Event "POL-chT U20 2nd League"]
[Site "Szczyrk"]
[Date "2017.07.28"]
[Round "9.76"]
[White "Bakalarczyk, Zuzanna"]
[Black "Stochnialek, Dominika"]
[Result "1-0"]
[WhiteElo "1363"]
[BlackElo "1472"]
[PlyCount "133"]
[EventDate "2017.07.22"]
[EventType "team-swiss"]
[EventRounds "11"]
[EventCountry "POL"]
[SourceTitle "EXT 2019"]
[Source "ChessBase"]
[SourceDate "2018.10.10"]
[SourceVersion "1"]
[SourceVersionDate "2018.10.10"]
[SourceQuality "1"]

1. e4 e6 2. d4 d5 3. Nc3 Nf6 4. Qd3 Bb4 5. f3 dxe4 6. fxe4 c5 7. a3 cxd4 8. axb4 dxc3 9. bxc3 Qc7 10. Bg5 Nbd7 11. Nf3 0-0 12. Be2 b6 13. 0-0 Bb7 14. Bxf6 Nxf6 15. e5 Rfd8 16. Qe3 Nd5 17. Qg5 Qxc3 18. Bd3 Nxb4 19. Bxh7+ Kf8 20. Nh4 f6 21. Rxf6+ Ke8 22. Bg6+ Kd7 23. Rd1+ Bd5 24. Rf7+ Kc6 25. Qe7 Qxe5 26. Qxb4 Qe3+ 27. Kh1 Bxg2+ 28. Kxg2 Qe2+ 29. Kh3 Rxd1 30. Be4+ Rd5 31. Bxd5+ exd5 32. Qa4+ b5 33. Qa6+ Kc5 34. Rc7+ Kb4 35. Qd6+ Ka5 36. Qa3+ Kb6 37. Qc5+ Ka5 38. Rxa7+ Rxa7 39. Qxa7+ Kb4 40. Qd4+ Ka5 41. Qc3+ Kb6 42. Nf3 Qe6+ 43. Kg3 g6 44. Qd4+ Ka6 45. Qa1+ Kb6 46. Qc3 Qd6+ 47. Kg2 Qe6 48. Ne5 Qd6 49. Qd4+ Ka6 50. Nd3 Kb7 51. Nc5+ Kc6 52. Nb3 b4 53. Qa7 Kb5 54. Qa5+ Kc4 55. Qa1 d4 56. Qf1+ Kd5 57. Qf3+ Kc4 58. Qd3+ Kd5 59. Qxd4+ Kc6 60. Qxd6+ Kxd6 61. Kf3 Kd5 62. Ke3 Kc4 63. Kd2 Kd5 64. Kd3 Ke5 65. Kc4 Kf4 66. Kxb4 Kg4 67. c4 1-0